Guess the 1970s song lyrics #91 - Statistics

General Stats
  • This quiz has been taken 27 times
  • The average score is 222 of 298
Answer Stats
Answer % Correct
a
100%
and
100%
And
100%
I
100%
The
100%
the
100%
you
100%
You
100%
be
94%
have
94%
in
94%
me
94%
to
94%
when
94%
do
89%
from
89%
I'm
89%
It's
89%
it's
89%
my
89%
My
89%
on
89%
that
89%
That
89%
can
83%
could
83%
feel
83%
heart
83%
if
83%
know
83%
love
83%
think
83%
what
83%
your
83%
as
78%
at
78%
away
78%
back
78%
couldn't
78%
got
78%
Oh
78%
should
78%
was
78%
you're
78%
all
72%
All
72%
But
72%
but
72%
did
72%
didn't
72%
get
72%
Just
72%
Maggie
72%
need
72%
never
72%
of
72%
really
72%
Really
72%
say
72%
stole
72%
that's
72%
tried
72%
up
72%
want
72%
anymore
67%
don't
67%
I'd
67%
I'll
67%
keep
67%
late
67%
make
67%
out
67%
school
67%
something
67%
alone
61%
being
61%
eyes
61%
hand
61%
home
61%
made
61%
September
61%
everything
56%
face
56%
head
56%
hurts
56%
into
56%
leave
56%
lover
56%
needed
56%
one
56%
seen
56%
used
56%
without
56%
amused
50%
Cause
50%
days
50%
fool
50%
jokes
50%
laughed
50%
morning
50%
needs
50%
Or
50%
soul
50%
sun
50%
Wake
50%
age
44%
anyway
44%
bed
44%
blind
44%
first
44%
helping
44%
kick
44%
led
44%
lend
44%
pain
44%
save
44%
shows
44%
these
44%
turned
44%
wore
44%
books
39%
class
39%
coax
39%
find
39%
friend
39%
living
39%
mother
39%
myself
39%
rock
39%
roll
39%
wished
39%
wreck
39%
band
33%
collect
33%
guiding
33%
none
33%
playing
33%
pool
33%
worry
33%
steal
28%
suppose
28%
cue
22%
daddy's
22%
No matching quizzes found
Score Distribution
Percent of People with Each Score
Percentile by Number Answered
Your Score History
You have not taken this quiz